| 000 | 00791nam a22001817a 4500 | ||
|---|---|---|---|
| 003 | BD-DhUL | ||
| 005 | 20160925145717.0 | ||
| 008 | 160906s2000 ii |||| |||| 000 0 ben d | ||
| 040 |
_aBD-DhUL _cBD-DhUL |
||
| 082 |
_a954.0356 _bCHB |
||
| 100 | 1 | _a চট্টোপাধ্যায়, বাসুদেব | |
| 245 | 1 | 0 |
_aবাংলার বিপ্লববাদের পালাবদল : _bপ্রভাত চক্রবর্তী ও তাঁর সমকাল / _cবাসুদেব চট্টোপাধ্যায় |
| 260 |
_aকলকাতা : _bপ্রগ্রেসিভ, _c২০০০. |
||
| 300 |
_a৭৯পৃ. ; _c ২২ সে. মি. |
||
| 650 | 0 |
_aইতিহাস _zবাংলা |
|
| 650 | 0 |
_aHistory _zBanla |
|
| 942 |
_2ddc _cBK |
||
| 999 |
_c104428 _d104428 |
||